000
00254nam a2200109Ia 4500
008
190216s9999||||xx |||||||||||||| ||und||
100
_a
Joseph
245
0
_a
Malayathile Parageeya Padangal
260
_b
Bhasha Institute
650
_a
Padanam
942
_c
BK
999
_c
40431
_d
40431